Barrages et canalisation

שמור ב:
מידע ביבליוגרפי
מחבר ראשי: Aubert, J (Author)
פורמט: ספר
שפה:צרפתית
יצא לאור: París Dunod 1949
נושאים:
תגים: הוספת תג
אין תגיות, היה/י הראשונ/ה לתייג את הרשומה!

MARC

LEADER 00000nam a2200000 a 4500
001 UCU6235
003 CL-VaPUC
008 960614e19490000FR |||||||||||||||||fre|d
082 0 4 |a 627.13  |b AUB  |2 21 
100 0 |a Aubert, J  |e author  |9 364420 
245 1 0 |a Barrages et canalisation 
300 |a 558 p 
942 |c BK 
945 |d 19960614 00:00:00  |a paguirre 
260 |a París  |b Dunod  |c 1949 
650 0 |a Ingeniería civil  |9 260076 
650 0 |a Hidráulica   |9 260193 
650 7 |a CANALES  |2 CL-VaPUC  |9 264188 
650 7 |a CORRIENTES DE AGUA  |2 CL-VaPUC  |9 350181 
650 0 |a Vías navegables  |9 357709 
583 |a last modification  |c 19960614 00:00:00  |k Rodrigo Vera 
999 |c 249249  |d 249247 
952 |0 0  |1 0  |4 0  |6 627_130000000000000_AUB_1949  |7 0  |8 A  |9 266413  |a BIBING  |b BIBING  |d 2019-11-19  |i 1685457  |o 627.13 AUB 1949  |p 1685457  |r 2025-01-20  |w 2019-11-19  |y BK  |k CCL